书目信息 |
| 题名: |
测度论基础
|
|
| 作者: | 刘文 著 | |
| 分册: | ||
| 出版信息: | 沈阳 辽宁教育出版社 1985 |
|
| 页数: | 215页 | |
| 开本: | 20cm | |
| 丛书名: | ||
| 单 册: | ||
| 中图分类: | O174.12 | |
| 科图分类: | ||
| 主题词: | 测度论 | |
| 电子资源: | ||
| ISBN: | ||
| 000 | 00599nam0 2200241 45 | |
| 001 | 0185010070 | |
| 005 | 20040520164544.1 | |
| 010 | @dCNY1.30 | |
| 091 | @a7371.2 | |
| 100 | @a19900816d1985 em y0chiy0121 ea | |
| 101 | 0 | @achi |
| 102 | @aCN@b210000 | |
| 105 | @ay z 000yy | |
| 106 | @ar | |
| 200 | 10 | @a测度论基础@Ace du lun ji chu@f刘文著 |
| 210 | @a沈阳@c辽宁教育出版社@d1985 | |
| 215 | @a215页@d20cm | |
| 606 | @a测度论 | |
| 690 | @aO174.12@v3 | |
| 701 | 0 | @a刘文@Aliu wen@4著 |
| 801 | 0 | @aCN@b深圳图书馆@c20040520 |
| 801 | 2 | @aCN@bNLC@c20040520 |
| 905 | @f2@b139661-662@dO174.12@e65 | |
| 测度论基础/刘文著.-沈阳:辽宁教育出版社,1985 |
| 215页;20cm |
| ISBN :CNY1.30 |
| ● |
| 相关链接 |
|
|
|
|
正题名:测度论基础
索取号:O174.12/65
 
预约/预借
| 序号 | 登录号 | 条形码 | 馆藏地/架位号 | 状态 | 备注 |
| 1 | 0139661 | 001634182 | 第三借阅区/ [索取号:O174.12/65] | 在馆 | |
| 2 | 0139662 | 000422778 | 第三借阅区/ [索取号:O174.12/65] | 在馆 | |
| 3 | 0139663 | 202449163 | 第二样本阅览室/ [索取号:O174.12/65] | 在馆 |